Identifikácia mobilných zariadení
Salvato in:
| Autore principale: | |
|---|---|
| Altri autori: | |
| Natura: | Manoscritto Libro |
| Lingua: | slovacco |
| Pubblicazione: |
2016
|
| Soggetti: | |
| Accesso online: | http://is.stuba.sk/zp/portal_zp.pl?podrobnosti=131356 |
| Tags: |
Nessun Tag, puoi essere il primo ad aggiungerne!!
|
MARC
| LEADER | 00000ntm a22000003a 4500 | ||
|---|---|---|---|
| 001 | stuzp58938 | ||
| 003 | SK-STU | ||
| 005 | 20160719155718.7 | ||
| 007 | ta | ||
| 008 | 150427s2015----xo-----f-mn---000-0-slo-d | ||
| 040 | |a STU |b slo | ||
| 041 | 0 | |a slo | |
| 100 | 1 | |a Matejov, Erik |u 070400 |k Z4 |4 aut |U FIIT Fakulta informatiky a informačných technológií |T FIIT Ústav počítačového inžinierstva a aplikovanej informatiky |X 46234 |U I400 |Y 672 |7 A000046234 | |
| 242 | 0 | 1 | |a Mobile Device Identification |y eng |
| 245 | 1 | 0 | |a Identifikácia mobilných zariadení |
| 260 | |c 2016 | ||
| 650 | 4 | |a mobilné zariadenia |2 slo | |
| 650 | 4 | |a hardvérová identifikácia |2 slo | |
| 650 | 4 | |a odltlačok senzorov |2 slo | |
| 650 | 4 | |a mobile devices |2 eng | |
| 650 | 4 | |a hardware identification |2 eng | |
| 650 | 4 | |a sensor fingerprint |2 eng | |
| 700 | 1 | |a Kováčik, Tomáš |u 070400 |k Z8 |4 ths |U FIIT Fakulta informatiky a informačných technológií |T FIIT Ústav počítačového inžinierstva a aplikovanej informatiky |X 11781 |U I400 |Y 672 |7 11781 | |
| 856 | 4 | |u http://is.stuba.sk/zp/portal_zp.pl?podrobnosti=131356 | |
| 996 | |b 8208 |c I* DIP 32/2016 |l II680 |s P |a 0 |w stuzp58938_0001 | ||
| SQL | |a stuzp58938 |b DDP |c SLO |d Identifikácia mobilných zariadení |e 46234 |f Matejov, Erik |g 070400 |h 11781 |i Kováčik, Tomáš |j 20160614 |k 211 |l 07 |m http://is.stuba.sk/zp/portal_zp.pl?podrobnosti=131356 |n I-SI2 |o 9.2.5. softvérové inžinierstvo | ||